| 000 | 01012nam a22002777a 4500 | ||
|---|---|---|---|
| 999 |
_c11506 _d11506 |
||
| 003 | EG-ScBUE | ||
| 005 | 20200202125927.0 | ||
| 008 | 090510s2009 ii f 000 0 eng d | ||
| 020 | _a8121921309 | ||
| 020 | _a9788121928564 | ||
| 040 |
_aEG-ScBUE _beng _erda _cEG-ScBUE _dEG-ScBUE |
||
| 082 | 0 | 4 |
_a427 _bSIN _222 |
| 100 | 1 |
_aSingh, Meena, _eauthor. |
|
| 245 | 1 | 0 |
_aArt of effective English writing : _bfor students of ICSE / _cMeena Singh, former senior English teacher, loreto convent, Lucknow (U.P.), The Gandhi Memorial International School, Jakarta, Indonesia, O. P. Singh. |
| 250 | _aReprinted edition. | ||
| 264 | 1 |
_aRam Nagar, New Delhi : _bS. Chand and Company, _c2009. |
|
| 300 | 4 |
_axvii, 416 pages ; _c23 cm |
|
| 336 |
_2rdacontent _atext _btxt |
||
| 337 |
_2rdamedia _aunmediated _bn |
||
| 338 |
_2rdacarrier _avolume _bnc |
||
| 650 | 7 |
_aEnglish language _xWriting. _2BUEsh _94388 |
|
| 653 |
_bHHUUEENN _cJanuary2020 |
||
| 655 | _vReading book | ||
| 700 | 1 |
_aSingh, O. P, _eauthor. |
|
| 942 |
_2ddc _cBB |
||